00433nam a2200133Ia 4500003000400000020001500004082001500019100001600034245003800050260005500088300001000143650002800153653011800181SGT a8120002725 a621.8bLAL aLal,Jagdish aTheory of mechanisms and machines bMetropolitan Book Co Private Ltd.aNew Delhic2006 a975p. aMECHANICAL ENGINEERING  aBASIC CONCEPTS OF MECHANISMS &MACHINES, COMPUTER AIDED ANALYSIS & SYNTHESIS OF MECHANISMS,BRAKES AND DYNAMOMETERS